AU LIBRARIES
Centralized Library System Across Seven Campuses

Management of Information Security (Record no. 31846)

MARC details
000 -LEADER
fixed length control field 00388nam a2200145Ia 4500
008 - FIXED-LENGTH DATA ELEMENTS--GENERAL INFORMATION
fixed length control field 240111s9999 xx 000 0 und d
020 ## - INTERNATIONAL STANDARD BOOK NUMBER
ISBN 9781305501256
082 ## - DEWEY DECIMAL CLASSIFICATION NUMBER
Classification number 658.478
Author Mark WHI-M
100 ## - MAIN ENTRY--AUTHOR
Author Name Whitman, Michael E.
245 #0 - TITLE STATEMENT
Title Management of Information Security
260 ## - PUBLICATION, DISTRIBUTION, ETC.
Name of publisher, distributor, etc. Cengage Learning
Place of Publication Boston MA
Date of publication, distribution, etc. 2016
300 ## - PHYSICAL DESCRIPTION
Pages xxii, 650p,
650 ## - SUBJECT ADDED ENTRY--TOPICAL TERM
Subject / Department Management Science
942 ## - ADDED ENTRY ELEMENTS (KOHA)
Koha item type Book
Holdings
Withdrawn status Lost status Damaged status Not for loan Collection code Permanent Location Current Location Shelving Location Date acquired Source of acquisition Price Inventory number Total Checkouts Full Call Number Accession No./Barcode Date last seen Koha item type
          Air University Kharian Campus Library Air University Kharian Campus Library Management Science 01/06/2024 Progressive International Agency 3000.00 14230172   658.478 WHI-M AUKHP0085 01/11/2024 Book
Air University Sector E-9, Islamabad Pakistan
Email: librarian@au.edu.pk  Tel : +0092 51 9262612 Ext: 631